| 000 | 00721nam a22001937a 4500 | ||
|---|---|---|---|
| 003 | NUST-PNEC | ||
| 005 | 20170116180724.0 | ||
| 008 | 141031b xxu||||| |||| 00| 0 eng d | ||
| 020 | _a0871700115 | ||
| 040 | _cLIBRARY | ||
| 082 | _a669 WOO | ||
| 100 |
_9891 _aWood William G. |
||
| 245 |
_aMetals handbook. Volume 5, Surface cleaning, finishing, and coating _cWilliam G.Wood |
||
| 260 |
_aMetals Park, Ohio : _bAmerican Society for Metals, _cc.1982. |
||
| 300 |
_axvii, 715 p. : _bill., plans ; _c29 cm. |
||
| 500 | _ahttp://www.amazon.com/Metals-Handbook-Asm-Cleaning-Finishing/dp/0871700115/ref=sr_1_1?ie=UTF8&qid=1414733139&sr=8-1&keywords=0871700115 | ||
| 650 |
_vHandbook, _xME _94962 _aMetals |
||
| 942 |
_2ddc _cBK |
||
| 999 |
_c61553 _d61553 |
||